| 000 | 00855nam a2200217Ia 4500 | ||
|---|---|---|---|
| 003 | OSt | ||
| 005 | 20241104150716.0 | ||
| 007 | ca aa aaaaa | ||
| 008 | 201103s9999 xx 000 0 und d | ||
| 040 | _cSSBUL | ||
| 041 | _abur | ||
| 082 |
_223 _a၂၉၄.၃၄၄၃၅ ပ _b၉၀၈၆ S-SAT |
||
| 100 | 0 | _aပဂျီငို၊ ဦး။ | |
| 245 | 1 | 0 |
_aဂမ္ဘီရဝိပဿနာရှုဘွယ်၊ (ပဋ္ဌမတွဲ) / _cဦးပဂျီငို။ |
| 250 | _aဒုတိယအကြိမ်။ | ||
| 260 |
_aရန်ကုန် ၊ _bမဟာဝိဇ္ဇာပုံနှိပ်တိုက်၊ _c၁၉၆၂။ |
||
| 300 |
_a၁၉၀ စာမျက်နှာ ၊ _c၁၉ စင်တီ။ |
||
| 500 | _aS-SAT: Dr. Sai Aung Tun | ||
| 650 |
_aဝိပဿနာ _955143 |
||
| 942 |
_2ddc _cBK1 |
||
| 999 |
_c16632 _d16632 |
||